| 000 | 00689nam a2200217 a 4500 | ||
|---|---|---|---|
| 005 | 20260326064048.0 | ||
| 008 | 991125s1977 mx 000 0 spa u | ||
| 035 | _aUPN01000006786 | ||
| 049 | _aF | ||
| 050 | 4 |
_aPN1270 _bM3 no.1 |
|
| 245 | 0 | 0 |
_aCarlos Pellicer : _bbreve antología / _cintrod. y selec. de Guillermo Fernández. |
| 250 | _a2a ed. | ||
| 260 |
_aMéxico : _bUNAM, Dirección General de Difusión Cultural, _c1977. |
||
| 300 | _a47 p. | ||
| 440 | 0 |
_aMaterial de lectura. _pPoesía moderna ; _v1 |
|
| 600 | 1 | 4 |
_aPELLICER, CARLOS, _d1899-1977 |
| 650 | 4 |
_aPoesía mexicana _91273 |
|
| 650 | 4 |
_aPoesía moderna _91291 |
|
| 700 | 1 |
_aFernández, Guillermo, _ecomp. |
|
| 905 | _aLibro | ||
| 999 |
_c6786 _d6786 |
||